000 00983nam a2200289 a 4500
001 53450
003 BD-RjUL
005 20211209075949.0
008 161015s1975 enka b 001 0 eng
020 _a0080182135.
_a0080182127
035 _a(BD-RjUL)53570
040 _aDLC
_cDLC
_dBD-RjUL
_beng
041 _aeng
082 0 0 _a361
_223
_bPHS 1975
100 1 _aPhilip, Alistair E.
_9159777
245 1 0 _aSocial work research and the analysis of social data /
_cA. E. Philip, J. W. McCulloch, and N. J. Smith.
250 _a1st ed.
260 _aNew York :
_bPergamon Press,
_c1975.
300 _axv, 234 p. :
_bill. ;
_c21 cm.
490 0 _aPergamon international library
504 _aIncludes bibliographies and index.
650 0 _aSocial work education.
_9159778
650 0 _aSocial service
_xResearch.
_9159779
700 1 _aMcCulloch, James Wallace,
_d1921-
_ejoint author.
_9159780
700 1 _aSmith, N. J.
_q(Norman James),
_ejoint author.
_9159781
942 _2ddc
_cBK
999 _c53450
_d53450